| 000 | 00404nam a22001457a 4500 | ||
|---|---|---|---|
| 003 | OSt | ||
| 082 |
_a631.587 _bANG/IO |
||
| 088 | _aT 596 | ||
| 100 |
_aAngitha K.A _94692 |
||
| 245 | _aIoT based real time microclimate monitoring and controlling system for green house / | ||
| 260 | _bDepartment of Irrigation and Drainage Engineering | ||
| 300 | _a166p. | ||
| 700 | _aAsha Joseph (Guide) | ||
| 942 | _cTH | ||
| 999 |
_c18065 _d18065 |
||